00485 2200169 4500001002100000008004100021035002000062245006200082100001800144260003400162300002700196020001700223084001700240082001100257650003400268990001300302INLIS000000000000304 ind  a0010-0120000304 aFiqihbUntuk Madrasah Tsanawiyah Kelas VIIIcAbdul Ghofur aGhofur, Abdul aSurakarta :bMediatama,c2010 aviii, 136 hlm.c25 cm. a9797-398-609 a297.14 GHO f a297.14 aFikih -- Studi dan Pengajaran a21900304